• 首页
  • 本馆介绍
  • 公告通知
  • 最新文献
  • 馆藏检索
  • 电子资源
  • 读者导购
  • 参考咨询
  • 我的图书馆
  • 登录
  • 详细信息显示
  • 放入我的书架
  • 预约/预借图书
  • 作者相关作品
  • 分类相关作品
  • 丛书相关作品
  • 出版社相关作品

书目信息

  • 表格格式
  • 工作单格式
  • 卡片格式
题名:
金属-有机骨架分离膜
    
 
作者: 杨维慎 , 班宇杰 著
分册:  
出版信息: 北京   科学出版社  2017.09
页数: 179页
开本: 24cm
丛书名:
单 册:
中图分类: TQ051.8
科图分类:
主题词: 金属材料--有机材料--骨架材料--分离膜--研究
电子资源:
ISBN: 978-7-03-052039-5
000 01033nam0 2200253 450
001 3731
005 20181008135843.05
010    @a978-7-03-052039-5@b精装@dCNY99.00
100    @a20180217d2017 em y0chiy50 ea
101 0  @achi
102    @aCN@b110000
105    @aa z 000yy
200 1  @a金属-有机骨架分离膜@9jin shu - you ji gu jia fen li mo@f杨维慎,班宇杰著
210    @a北京@c科学出版社@d2017.09
215    @a179页@c图@d24cm
300    @a国家科学技术学术著作出版基金资助出版
330    @a本书依据国内外及作者研究团队在金属-有机骨架分离膜方面的研究进展,从基本原理、实验策略和技术手段等方面深入阐述了金属-有机骨架分离膜的基本类型、制备方法、传质分离机理、表征方法以及应用领域,并展望了金属-有机骨架分离膜的未来发展方向和应用潜力。
510 1  @aMetal-organic framework membranes@zeng
606 0  @a金属材料@x有机材料@x骨架材料@x分离膜@x研究
690    @aTQ051.8@v5
701  0 @a杨维慎@9yang wei shen@f(1964-)@4著
701  0 @a班宇杰@9ban yu jie@4著
801  0 @aCN@b91MARC@c20180217
905    @aMuseLib@dTQ051.8@e468
    
    金属-有机骨架分离膜/杨维慎,班宇杰著.-北京:科学出版社,2017.09
    179页:图;24cm
    国家科学技术学术著作出版基金资助出版
    
    ISBN 978-7-03-052039-5(精装):CNY99.00
    本书依据国内外及作者研究团队在金属-有机骨架分离膜方面的研究进展,从基本原理、实验策略和技术手段等方面深入阐述了金属-有机骨架分离膜的基本类型、制备方法、传质分离机理、表征方法以及应用领域,并展望了金属-有机骨架分离膜的未来发展方向和应用潜力。
●
相关链接 在E读中查询图书 在五车中查询图书 在当当中查询图书 在豆瓣中查询图书


正题名:金属-有机骨架分离膜     索取号:TQ051.8/468         预约/预借

序号 登录号 条形码 馆藏地/架位号 状态 备注
1 1123447   211234476   第二样本阅览室/ [索取号:TQ051.8/468] 在馆    
2 1123448   211234485   第三借阅区/ [索取号:TQ051.8/468] 在馆    
3 1123449   211234494   第三借阅区/ [索取号:TQ051.8/468] 在馆    
4 1123450   211234500   第三借阅区/ [索取号:TQ051.8/468] 在馆    
5 1123451   211234519   化学系资料室/ [索取号:TQ051.8/468] 在馆    
唐山师范学院图书馆 欢迎您!
大连网信软件有限公司© 版权所有